MARC

LEADER 00000nas a2200000 a 4500
001 ssj0004626
003 WaSeSS
005 20200512172242.0
006 m d
007 cr n
008 000713c19629999njumr pss 0 a0eng c
010 |a  2006264514 
022 |a 1938-2421  |l 0148-4834  |y 0148-4834 
035 |a (WaSeSS)ssj0004626 
037 |b Slack, Inc., 6900 Grove Rd., Thorofare, NJ 08086-9447  |c $27.00 (single issue) 
040 |a HNK  |b eng  |c HNK  |d OCLCQ  |d MXC  |d OCLCQ  |d SBH  |d DLC  |d OCLCQ  |d NUI  |d OCLCF  |d OCLCO  |d WAU  |d OCLCQ  |d OCLCO  |d OCLCQ  |d ELW  |d OCLCO  |d Z5A  |d OCLCO  |d K6U  |d OCLCQ  |d BUF  |d WaSeSS 
042 |a pcc  |a nsdp 
043 |a n-us--- 
050 0 0 |a RT1 
082 1 0 |a 610  |2 14 
130 0 |a Journal of nursing education (Online) 
222 0 |a Journal of nursing education  |b (Online) 
245 1 4 |a The Journal of nursing education  |h [electronic resource]. 
246 1 |i Also known as:  |a JNE 
260 |a Thorofare, N.J. :  |b Slack, Inc. 
310 |a Monthly,  |b 2002- 
321 |a Monthly (except June, July, Aug.),  |b -2001 
362 1 |a Print began with vol. 1, no. 1 (Jan. 1962). 
506 |a License restrictions may limit access. 
588 |a Description based on: Vol. 39, no. 1 (Jan. 2000); title from table of contents screen (Ovid, viewed Jan. 30, 2006). 
588 |a Latest issue consulted: Vol. 54, no. 7 (July 2015) (publishers website viewed June 25, 2015). 
650 0 |a Nursing  |v Periodicals. 
650 0 |a Nursing  |x Study and teaching  |v Periodicals. 
650 7 |a Nursing.  |2 fast  |0 (OCoLC)fst01041731 
650 7 |a Nursing  |x Study and teaching.  |2 fast  |0 (OCoLC)fst01041833 
650 2 |a Education, Nursing  |z United States  |v Periodicals. 
655 0 |a Electronic journals. 
776 0 8 |i Print version:  |t Journal of nursing education  |x 0148-4834  |w (DLC)sf 80000462  |w (OCoLC)1644709 
850 |a DLC 
856 4 0 |z Full text available from Research Library: 12/01/1962 to 12/31/1966  |u https://search.proquest.com/publication/47628 
856 4 0 |z Full text available from Research Library: 01/01/1981 to present  |u https://search.proquest.com/publication/47628